00457nmm a2200133Ia 4500008004100000020001800041041000800059100002600067245005500093264008400148300001800232650002200250856005100272251105s9999||||xx |||||||||||||||||und|| a9788498861440 aspa aCastro Moscos, José 0aEl ciudadano insignificante y el abuelo misterioso a[Madrid, España] :bVision Libros, c[Fecha de publicación no identificada] a132 páginas aSpanish narrative uhttps://public.digitaliapublishing.com/a/89144